<?xml version="1.0" encoding="UTF-8"?>
<record
    xmlns:xsi="http://www.w3.org/2001/XMLSchema-instance"
    xsi:schemaLocation="http://www.loc.gov/MARC21/slim http://www.loc.gov/standards/marcxml/schema/MARC21slim.xsd"
    xmlns="http://www.loc.gov/MARC21/slim">

  <leader>01283nam a22002537a 4500</leader>
  <datafield tag="952" ind1=" " ind2=" ">
    <subfield code="0">0</subfield>
    <subfield code="1">0</subfield>
    <subfield code="2">lcc</subfield>
    <subfield code="4">0</subfield>
    <subfield code="7">0</subfield>
    <subfield code="a">15</subfield>
    <subfield code="b">15</subfield>
    <subfield code="d">2016-02-01</subfield>
    <subfield code="l">0</subfield>
    <subfield code="o">C336.2 P438g 2014</subfield>
    <subfield code="p">15 007835</subfield>
    <subfield code="r">2017-12-07</subfield>
    <subfield code="t">1</subfield>
    <subfield code="w">2016-05-31</subfield>
    <subfield code="y">LB</subfield>
  </datafield>
  <datafield tag="952" ind1=" " ind2=" ">
    <subfield code="0">0</subfield>
    <subfield code="1">0</subfield>
    <subfield code="2">lcc</subfield>
    <subfield code="4">0</subfield>
    <subfield code="7">0</subfield>
    <subfield code="a">15</subfield>
    <subfield code="b">15</subfield>
    <subfield code="d">2017-02-01</subfield>
    <subfield code="l">0</subfield>
    <subfield code="o">C336.2 P438g 2014</subfield>
    <subfield code="p">15 008498</subfield>
    <subfield code="r">2017-12-07</subfield>
    <subfield code="t">2</subfield>
    <subfield code="w">2017-04-24</subfield>
    <subfield code="y">LB</subfield>
  </datafield>
  <datafield tag="999" ind1=" " ind2=" ">
    <subfield code="c">99910</subfield>
    <subfield code="d">99910</subfield>
  </datafield>
  <controlfield tag="005">20231102151935.0</controlfield>
  <controlfield tag="008">160531t2014    mx  |||| |||| 00| 0 spa d</controlfield>
  <datafield tag="020" ind1=" " ind2=" ">
    <subfield code="a">9786074406177</subfield>
  </datafield>
  <datafield tag="082" ind1=" " ind2=" ">
    <subfield code="a">C336.2</subfield>
    <subfield code="b"> P438g </subfield>
  </datafield>
  <datafield tag="100" ind1=" " ind2=" ">
    <subfield code="a">P&#xE9;rez Ch&#xE1;vez Jos&#xE9; </subfield>
  </datafield>
  <datafield tag="245" ind1=" " ind2=" ">
    <subfield code="a">Gu&#xED;a pr&#xE1;ctica de iva</subfield>
    <subfield code="c"> / P&#xE9;rez Ch&#xE1;vez Jos&#xE9;, Fol Olguin Raymundo</subfield>
  </datafield>
  <datafield tag="250" ind1=" " ind2=" ">
    <subfield code="a">2 Edici&#xF3;n </subfield>
  </datafield>
  <datafield tag="260" ind1=" " ind2=" ">
    <subfield code="a">M&#xE9;xico</subfield>
    <subfield code="b"> : tax</subfield>
    <subfield code="c"> , 2014</subfield>
  </datafield>
  <datafield tag="300" ind1=" " ind2=" ">
    <subfield code="a">270 p&#xE1;ginas </subfield>
  </datafield>
  <datafield tag="504" ind1=" " ind2=" ">
    <subfield code="a">Incluye bibliograf&#xED;a pp 3-270</subfield>
  </datafield>
  <datafield tag="505" ind1=" " ind2=" ">
    <subfield code="a">Enajenaci&#xF3;n de bienes
Prestaci&#xF3;n de servicio
Otorgamiento del uso o goce temporal de bienes
Importaci&#xF3;n de bienes o servicios
Exportaci&#xF3;n de bienes o servicios
Enajenaci&#xF3;n de bienes, prestaci&#xF3;n de servicios o importaciones en forma accidental
Determinaci&#xF3;n del IVA trasladado del mes
Determinaci&#xF3;n del IVA acretable del mes
IVA retido
Contribuyentes que tributan en el r&#xE9;gimen de incorporaci&#xF3;n fiscal
</subfield>
  </datafield>
  <datafield tag="519" ind1=" " ind2=" ">
    <subfield code="a">Material Complementario</subfield>
    <subfield code="d">(15 007835)
(15 008498)</subfield>
  </datafield>
  <datafield tag="650" ind1="1" ind2="4">
    <subfield code="a">ENAJENACI&#xD3;N DE BIENES</subfield>
  </datafield>
  <datafield tag="650" ind1="1" ind2="4">
    <subfield code="a">PRESTACI&#xD3;N DE SERVICIO</subfield>
  </datafield>
  <datafield tag="700" ind1=" " ind2=" ">
    <subfield code="a">Fol Olguin Raymundo</subfield>
  </datafield>
  <datafield tag="942" ind1=" " ind2=" ">
    <subfield code="c">LB</subfield>
  </datafield>
</record>
